000
00229nam a2200097Ia 4500
008
230907s9999||||xx |||||||||||||| ||und||
082
_a
333.7924
_b
THO
245
0
_a
Thoria-based nuclear fuels /
300
_a
pages cm
942
_c
BK
999
_c
597807
_d
597807